000 00948nam a22002897a 4500
003 CHAP
005 20220329140120.0
008 971013s1967 r 10010 d
010 _a47198
011 _a48170
035 _a52315
040 _cCHAP
090 _aFolleto 987
111 0 0 _aReunión Regional de Silvicultores (
_n1
_d: 1967
_c: España, Trinidad y Tobago)
_996614
245 _aInforme
260 _aMérida, Venezuela :
_bInstituto Forestal Latinoamericano de Investigación y Capacitación,
_c1967
300 _a32 p.
590 _aBATCH-UPD
_b10
_c20130110
_lUCH01
_h0339
590 _aBATCH-UPD
_b10
_c20130110
_lUCH01
_h2028
590 _aBATCH-UPD
_b10
_c20130410
_lUCH01
_h0012
590 _aBATCH-UPD
_b10
_c20130914
_lUCH01
_h2003
590 _aCONVERSION
_b10
_c20130109
_lUCH01
_h1326
650 1 4 _aSilvicultura
_xCongresos.
_9106113
901 _aBK
942 _cFOLL
949 _aFolleto 987
_bBC
_cFOLL
_d-116549
_eTS1
_i52315
_si
999 _c47198
_d47198